000 01233cam a2200265 4500
001 J122647
008 030117n2002 000 0 eng u
035 _a(Sirsi) u122647
100 _aSmyrniotis, Theo
245 4 _aThe effects of the 2004 Olympic Games on the urban fabric of Athens
_h[videorecording]
260 _aLondon
_bRICS
_c2002
490 _aRICS Multimedia Presentations
490 _aRICS Regeneration Forum Lecture Series
520 _aConsiders how planners should deal with major events such as the Olympic games, and highlights the pros and cons for the host city. Advises that successful events should be planned well in advance with sustainability as a key Video presentation by Theo Smyrniotis from the Athens office of Price Waterhouse Coopers on the effects of the Olympic games in Athens on the urban fabric.
650 _aSustainability
_96271
650 _aPLANNING PROCESS
650 _aATHENS
650 _aInfrastructure
_96246
650 _aENVIRONMENTAL IMPACT
650 _aOLYMPIC GAMES 2004
650 _aEVENTS
690 _aENVIRONMENTAL AND LAND CONSULTANCY-PLANNING AND DEVELOPMENT
710 _aRoyal Institution of Chartered Surveyors
_bRegeneration Forum
_94468
942 _n0
999 _c102893
_d102893